| 000 | 00551nam a2200181Ia 4500 | ||
|---|---|---|---|
| 003 | GCL | ||
| 008 | 140319s9999 xx 000 0 eng d | ||
| 040 |
_aGCL / _cGCL |
||
| 082 | 0 | 4 |
_a362.11 _bB Q |
| 100 | 1 | _aBADRAN ABDUL RAHMAN AL-OMAR | |
| 245 | 1 | 0 |
_aQUANTITATIVE ANALYSIS FOR HOSPITAL AND HEALTH ADMINISTRATION / _cBADRAN ABDUL RAHMAN AL-OMAR |
| 260 |
_aالرياض : _bKING SAUD UNIVERSITY ، _c1999 |
||
| 300 |
_a20 CM ؛ _c129 P |
||
| 650 | 0 | 4 | _aHOSPITALS |
| 650 | 0 | 4 | _aHEALTH SERVICES |
| 650 | 0 | 4 | _aHOSPITALS ADMINISTRATION |
| 942 |
_2ddc _cBK |
||
| 999 |
_c7025 _d7025 |
||